Biscuit Dough Piece Forming /
Colección de 6 manuales sobre el proceso de manufacturación, empaque y almacenamiento de galletas y bizcochos. En este tercer número, el autor presenta las claves para la formación de la pasta: aplanamiento, grosor, corte, moldeado, expulsión, corte de figura y colocación.
محفوظ في:
| المؤلف الرئيسي: | |
|---|---|
| التنسيق: | كتاب |
| اللغة: | الإنجليزية |
| منشور في: |
Cambridge, Inglaterra :
Woodhead,
1998, c1998
|
| سلاسل: | (Biscuit, Cookie and Cracker Manufacturing Manuals ;
3) |
| الموضوعات: | |
| الوسوم: |
لا توجد وسوم, كن أول من يضع وسما على هذه التسجيلة!
|
MARC
| LEADER | 00000nam^a2200000^a^4500 | ||
|---|---|---|---|
| 001 | 000183684 | ||
| 005 | 20250521000000.0 | ||
| 009 | 20260310102048.243 | ||
| 020 | |a 1-85573-294-7 | ||
| 037 | |a Acervo ITESO - Biblioteca | ||
| 041 | |a ING | ||
| 082 | |a 664. 7525 |b MAN 3 | ||
| 100 | |a Manley, Duncan J.R. |e (autor) | ||
| 245 | 1 | 0 | |a Biscuit Dough Piece Forming / |c D.J.R. Manley. |
| 264 | 4 | |a Cambridge, Inglaterra : |b Woodhead, |c 1998, c1998 | |
| 300 | |a IX, 89 p. | ||
| 336 | |a texto |b txt |2 rdacontenido | ||
| 337 | |a sin mediación |b n |2 rdamedio | ||
| 338 | |a volumen |b nc |2 rdasoporte | ||
| 440 | 1 | |a (Biscuit, Cookie and Cracker Manufacturing Manuals ; |v 3) | |
| 520 | |a Colección de 6 manuales sobre el proceso de manufacturación, empaque y almacenamiento de galletas y bizcochos. En este tercer número, el autor presenta las claves para la formación de la pasta: aplanamiento, grosor, corte, moldeado, expulsión, corte de figura y colocación. | ||
| 649 | |a XX | ||
| 650 | |a Galletas - |x Industria y Comercio | ||
| 650 | |a Alimentos Horneados | ||
| 650 | |a Industria Alimenticia | ||
| 650 | |a Tecnología de Alimentos | ||
| 910 | |a Fondo General | ||
| 920 | |a Impresos - Libros | ||
| 930 | |a Colección General | ||
| 905 | |a 101 | ||
| 901 | |a 0500124041 |b IT1 |c ACC |u 20250521 | ||
| 902 | |a https://opac.biblio.iteso.mx/vufind/Record/000183684 | ||